000 00235nam a22000857a 4500
008 160705b xxu||||| |||| 00| 0 eng d
100 _92248
_a Bloombury Books
245 _aDictionary of Pharse & Fable
260 _aLon
_b Bloomsbury Book
_c1994
999 _c1937
_d1937